The autoCAD 2008 : tutor for engineering graphics

Bibliographic Details
Main Author: Kalameja,Alan J
Format: Book
Language:English
Published: Australia : Thomson , 2008
Subjects:

MARC

LEADER 00000cam a2200000 7i4500
001 0000019934
005 20090120.0
008 090120s at a eng
020 |a 9781428311558 
040 |a INS 
090 0 0 |a T385   |b K35 2008 
100 1 |a Kalameja,Alan J 
245 1 4 |a The autoCAD 2008 :   |b tutor for engineering graphics   |c Alan J.Kalameja 
260 |a Australia :   |b Thomson ,   |c 2008 
300 |a xxxii, 1271p :   |b ill.CD ;   |c 23cm. 
500 |a Includes index 
650 0 |a Computer graphics 
650 0 0 |a AutoCAD 
999 |a 0000020413   |b BOOK   |c Open Shelf   |e Default branch